00375cam a22001337a 4500008004000000082001800040100003500058245003900093260004500132300001000177440000800187650001600195700003000211180718b2006 xxu||||| |||| 00| 0 eng d aZ00x54 In2f/4 aNational commission on farmers aServing farmers and saving farming aNew DelhibMinistry of agriculturec2006 a449p. a4th aAgriculture aChairman: M.S.Swaminathan